| 000 | 00554nam a22001817a 4500 | ||
|---|---|---|---|
| 005 | 20100722121918.0 | ||
| 010 | _aENG | ||
| 020 |
_a9788174252401 _c150.00 |
||
| 035 | _aEN | ||
| 037 | _bPUB | ||
| 100 |
_aMujumdar, S B _9662 |
||
| 245 |
_aWhiff of a scent / _cby Mujumdar, S B _hEnglish |
||
| 260 |
_aPune _bUtkarsh Prakashan _c2009 |
||
| 270 |
_a685, Shivajinagar _bPune _e411004 |
||
| 300 |
_a96p. _bcol. photos _c22cm(pbk) |
||
| 942 |
_2ddc _cEN _mMUJ |
||
| 999 |
_c37182 _d37182 |
||